Pep's Favourite Players - Statistics

General Stats
  • This quiz has been taken 23 times
  • The average score is 11 of 15
Answer Stats
Apps Answer % Correct
113 Kevin De Bruyne
100%
121 Raheem Sterling
89%
81 Bernardo Silva
84%
110 David Silva
84%
76 Kyle Walker
84%
107 Sergio Aguero
84%
114 Leroy Sane
79%
50 Vincent Kompany
79%
74 Ederson
74%
96 John Stones
74%
118 Fernandinho
68%
89 Ilkay Gundogan
68%
80 Gabriel Jesus
63%
106 Nicolas Otamendi
63%
57 Fabian Delph
32%
No matching quizzes found
Score Distribution
Percent of People with Each Score
Percentile by Number Answered
Your Score History
You have not taken this quiz